| 000 | 00419nam a22001577a 4500 | ||
|---|---|---|---|
| 005 | 20231102101050.0 | ||
| 008 | 231102b |||||||| |||| 00| 0 eng d | ||
| 041 | _aAfrikaans / English | ||
| 082 | _a346.6 INC | ||
| 100 | _lEnglish | ||
| 245 |
_aInlywing van Firmas / _cDN Erasmus |
||
| 260 | _c2009 | ||
| 300 |
_b275 pages ; _c31 cm. |
||
| 650 |
_aLegal practice _bLaw |
||
| 942 |
_cBK _6ALISON_BN_VRIES |
||
| 999 |
_c253 _d253 |
||